Introduction to linear programming /

Guardado en:
Autor Principal: Garvin, Walter W.
Formato: Libro
Idioma:English
Publicado: New York : McGraw-Hill, 1960.
Etiquetas: Agregar Etiqueta
Sin Etiquetas, Sea el primero en etiquetar este registro!
LEADER 00440nam a22001455a 4500
001 MAT.inmabb001285
008 031121s1960####nyu###########000#0#eng#d
005 20160802153419.0
245 1 0 |a Introduction to linear programming /  |c Walter W. Garvin. 
260 |a New York :  |b McGraw-Hill,  |c 1960. 
300 |a xiv, 281 p. ;  |c 24 cm. 
510 4 |a MR,  |c 25 #4928 
100 1 |a Garvin, Walter W. 
084 |a 90C05  |2 msc2000 
859 |h 90  |i G244  |p A-1516  |b BIB. MATEMATICA